|
|
|
|
| LEADER |
00901nab a2200229 i 4500 |
| 001 |
misc62053 |
| 005 |
20230605140152.0 |
| 008 |
230530s1976 hu o 0|| hun d |
| 040 |
|
|
|a SZTE Miscellanea Repozitórium
|b hun
|
| 041 |
|
|
|a hun
|
| 100 |
1 |
|
|a Rásonyi László
|
| 245 |
1 |
0 |
|a Azonos földrajzi nevek a baskír és a magyar földön
|h [elektronikus dokumentum] /
|c Rásonyi László
|
| 260 |
|
|
|a Magyar Nyelvtudományi Társaság
|b Budapest
|c 1976
|
| 300 |
|
|
|a 48-53
|c 24 cm
|
| 300 |
|
|
|a [6] p.
|c 24 cm
|
| 490 |
0 |
|
|a Magyar nyelv : a Magyar Nyelvtudományi Társaság folyóirata
|
| 561 |
|
|
|a Németh Gyula hagyaték
|
| 591 |
|
|
|a LOA 3048; NOA 4842
|
| 650 |
|
4 |
|a Bölcsészettudományok
|
| 650 |
|
4 |
|a Nyelvek és irodalom
|
| 695 |
|
|
|a Földrajzi nevek - török eredetű - Baskíria és Magyarország
|
| 856 |
4 |
0 |
|u http://misc.bibl.u-szeged.hu/62053/1/4842_noa.pdf
|z Dokumentum-elérés
|